Mort subite - Capitales et pays (Océanie) - Statistiques

Statistiques générales
  • Ce quiz a été pris 307 fois
    225 depuis la dernière actualisation
  • Le résultat moyen est 3 sur 9
Answers on the Grid
Answers color-coded by a green-red scale on the quiz's grid according to % correct below.
Sydney - Australie
Suva - Fidji
Alofi - Niue
Apia - Tonga
Port-Moresby - Papouasie-Nouvelle-Guinée
Yaren - Palaos
Port-Vila - Tuvalu
Palikir - Iles Cook
Melekeok - Palaos
Nuku'alofa - Iles Salomon
Avarua - Iles Cook
Palikir - Etats fédérés de Micronésie
Apia - Samoa
Washington - Nouvelle-Zélande
Avarua - Vanuatu
 
Statistiques - réponses
Réponse % Correct
Suva - Fidji
74%
Port-Moresby - Papouasie-Nouvelle-Guinée
62%
Apia - Samoa
38%
Palikir - Etats fédérés de Micronésie
35%
Melekeok - Palaos
24%
Alofi - Niue
23%
Avarua - Iles Cook
21%
Avarua - Vanuatu
14%
Washington - Nouvelle-Zélande
6%
Aucun quiz correspondant
Distribution des résultats
% des personnes avec chaque résultat
Percentile par nombre de réponses
Votre historique - résultats
Vous n’avez pas pris ce quiz depuis la dernière actualisation